000 00962nam a2200265 i 4500
003 EG-ScBUE
005 20250714095555.0
008 090527t2008 ne a f b 001 0 eng d
020 _a9781402061233
040 _aEG-ScBUE
_beng
_erda
_cEG-ScBUE
_dEG-ScBUE
082 0 4 _222
_a541.363
_bOON
100 1 _aOonk, H. A. J.,
_eauthor.
245 1 0 _aEquilibrium between phases of matter :
_bphenomenology and thermodynamics /
_cH. A. J. Oonk, Utrecht University and M. T. Calvet, University of Barcelona, Spain.
264 1 _aDordrecht, The Netherlands :
_bSpringer,
_c[2008]
264 4 _cc2008
300 _a404 pages :
_billustrations ;
_c24 cm
336 _2rdacontent
_atext
_btxt
337 _aunmediated
_2rdamedia
_bn
338 _avolume
_bnc
_2rdacarrier
504 _aIncludes bibliographical references and index.
650 7 _95460
_aPhase rule & equilibrium.
_2BUEsh
655 _vReading book
700 1 _aCalvet, M. T.,
_eauthor.
942 _2ddc
_cBB
999 _c11655
_d11655